| 000 | 00463nam a2200205Ia 4500 | ||
|---|---|---|---|
| 003 | 0100 | ||
| 008 | 130303s9999 xx 000 0 und d | ||
| 040 | _cARRUPELIB | ||
| 050 | _aBC6.I8 1968 | ||
| 245 | _aLogic and philosophy | ||
| 245 | _bselected readings | ||
| 260 | _aNew York | ||
| 260 | _bAppleton-Century-Crofts | ||
| 260 | _C1968 | ||
| 300 | _a248p. | ||
| 300 | _b 23 cm. | ||
| 650 | _aLOGIC | ||
| 700 | _aIseminger, Gary (ed.) | ||
| 942 | 0 | 0 | _01 |
| 999 |
_c35906 _d35906 |
||